A facsimile of the first issue of the Gazeta de Lima with a description of a file for the years 1744-1763

Spremljeno u:
Bibliografski detalji
Autor kompanije: The John Carter Brown library (Autor)
Format: Knjiga
Jezik:engleski
španjolski
Izdano: Boston Merry Mount Press 1908
Izdanje:1a. ed
Teme:
Oznake: Dodaj oznaku
Bez oznaka, Budi prvi tko označuje ovaj zapis!

MARC

LEADER 00000nam a2200000 a 4500
001 UCJ5938
003 CL-VaPUC
008 070124e19080000US |||||||||||||||||eng|d
041 0 7 |a eng  |2 CL-VaPUC 
041 0 7 |a spa  |2 CL-VaPUC 
082 0 4 |a 985  |b THE  |2 21 
110 2 |a The John Carter Brown library  |e author  |9 511936 
245 1 2 |a A facsimile of the first issue of the Gazeta de Lima with a description of a file for the years 1744-1763 
250 |a 1a. ed 
300 |a 32 p 
942 |c BK 
945 |d 20070124 00:00:00  |a rinostro 
260 |a Boston  |b Merry Mount Press  |c 1908 
500 |a Edición facsimilar del primer número de La Gazeta de Lima 
650 0 |a Prensa y periodismo   |z Chile  |9 504409 
650 7 |a DIARIOS Y REVISTAS  |2 CL-VaPUC  |9 504436 
650 7 |a FACSIMILES  |2 CL-VaPUC  |9 460925 
651 0 |a Perú  |9 256567 
583 |a last modification  |c 20070124 00:00:00  |k Rodrigo Vera 
999 |c 322046  |d 322044 
952 |0 0  |1 0  |4 0  |6 985_000000000000000_THE_1908  |7 0  |8 X  |9 400956  |a FDOBUD  |b FDOBUD  |d 2019-11-22  |i 104169K  |o 985 THE 1908  |p 104169K  |r 2019-11-22  |w 2019-11-22  |y BK_X  |k BUD